000
00233 a2200097 4500
001
50976
100
_a
Andrew Cristopher
245
_a
Code breaking & Signals Intelligence
260
_a
London
_b
Frank Cass
_c
090
_c
32276
_d
32276
942
_a
NUST-CAE
_c
M
_c
24754
999
_c
286049
_d
286049